• 首页
  • 本馆介绍
  • 公告通知
  • 最新文献
  • 馆藏检索
  • 电子资源
  • 读者导购
  • 参考咨询
  • 我的图书馆
  • 登录
  • 详细信息显示
  • 放入我的书架
  • 预约/预借图书
  • 作者相关作品
  • 分类相关作品
  • 丛书相关作品
  • 出版社相关作品

书目信息

  • 表格格式
  • 工作单格式
  • 卡片格式
题名:
色彩静物
    
 
作者: 杨建飞 主编
分册:  
出版信息: 北京   中国书店  2014.02
页数: 251页
开本: 29cm
丛书名: 经典全集系列丛书
单 册:
中图分类: J211.27 , J231
科图分类:
主题词: 色彩--静物画--绘画技法 , 色彩--静物画--作品集--世界 , 色彩 , 静物画 , 绘画技法
电子资源:
ISBN: 978-7-5149-0292-1
000 00973nam0 2200313 450
001 006533708
005 20140612091410.92
010    @a978-7-5149-0292-1@dCNY118.00
100    @a20140417d2014 em y0chiy0110 ea
101 0  @achi
102    @aCN@b110000
105    @aa z 000yy
106    @ar
200 1  @a色彩静物@9se cai jing wu@f杨建飞主编
210    @a北京@c中国书店@d2014.02
215    @a251页@c图@d29cm
225 1  @a经典全集系列丛书@i500年大师经典
330    @a本书文字部分内容包括:现代色彩画、色彩画的技巧、色彩画的技巧(续)、色彩原理、色彩构成、色彩视觉、色彩对比等,并精选汇编了102位世界大师的色彩静物作品。
333    @a绘画爱好者
606 0  @a色彩@x静物画@x绘画技法
606 0  @a色彩@x静物画@x作品集@y世界
606 0  @a色彩
606 0  @a静物画
606 0  @a绘画技法
690    @aJ211.27@v5
690    @aJ231@v5
701  0 @a杨建飞@9yang jian fei@c(美术)@4主编
801  0 @aCN@b人天书店@c20140417
905    @b549065-67@dJ211.27@e672@f3
    
    色彩静物/杨建飞主编.-北京:中国书店,2014.02
    251页:图;29cm.-(经典全集系列丛书.500年大师经典)
    使用对象:绘画爱好者
    
    ISBN 978-7-5149-0292-1:CNY118.00
    本书文字部分内容包括:现代色彩画、色彩画的技巧、色彩画的技巧(续)、色彩原理、色彩构成、色彩视觉、色彩对比等,并精选汇编了102位世界大师的色彩静物作品。
●
相关链接 在E读中查询图书 在五车中查询图书 在当当中查询图书 在豆瓣中查询图书


正题名:色彩静物     索取号:J211.27/672         预约/预借

序号 登录号 条形码 馆藏地/架位号 状态 备注
1 549065   205490654   第一样本阅览室/ [索取号:J211.27/672] 在馆    
2 549066   205490663   第一借阅区/ [索取号:J211.27/672] 在馆    
3 549067   205490672   第一借阅区/ [索取号:J211.27/672] 在馆    
唐山师范学院图书馆 欢迎您!
大连网信软件有限公司© 版权所有